Category Management - nová cesta? Poradenská služba pro vedoucí prodeje

Výklad pojmu category management - sortimentový manažment. Marketingová stratégia a filozofia.

Na minha lista:
Detalhes bibliográficos
Autor principal: Müller, B.
Formato: Capítulo de Livro
Idioma:eslovaco
Assuntos:
Tags: Adicionar Tag
Sem tags, seja o primeiro a adicionar uma tag!

MARC

LEADER 00000naa a2200000 4500
001 r000649
005 20221213123209.1
041 0 |a slo 
044 |a SK 
245 1 0 |a Category Management - nová cesta?  |b Poradenská služba pro vedoucí prodeje  |c B. Müller 
520 |a Výklad pojmu category management - sortimentový manažment. Marketingová stratégia a filozofia. 
610 2 0 |a stratégia marketingová 
610 2 0 |a manažment sortimentný 
610 2 0 |a pojmy 
100 1 |a Müller, B.